[Event "Ch Bosnia & Herzegovina (team)"]
[Site "masterchessopen.com - Vogosca (Bosnia & Herzegovina)"]
[Date "2007.06.08"]
[Round "7"]
[White "Miladinovic Igor (SRB)"]
[Black "Fercec Nenad (CRO)"]
[Result "1-0"]
[WhiteElo "2603"]
[BlackElo "2487"]

1.d4 Nf6 2.c4 c5 3.d5 e6 4.Nc3 exd5 5.cxd5 d6 6.g3 g6 7.Bg2 Bg7 8.Nf3 O-O
9.Nd2 Na6 10.O-O Nc7 11.Nc4 Nfe8 12.a4 b6 13.Re1 Ba6 14.Na3 Qd7 15.Qb3 Nf6
16.h3 Rfe8 17.Bd2 h6 18.e4 Rab8 19.Ncb5 Nxb5 20.axb5 Bc8 21.Nc4 Nh7 22.f4 Bd4+
23.Kh2 Ra8 {#r} 1-0

[Event "It (open)"]
[Site "masterchessopen.com - Heraklio (Greece)"]
[Date "2007.06.12"]
[Round "4"]
[White "Klimis Laertis (GRE)"]
[Black "Stiri Alexandra (GRE)"]
[Result "0-1"]
[WhiteElo "2039"]
[BlackElo "2202"]

1.d4 Nf6 2.Nf3 e6 3.c4 c5 4.d5 exd5 5.cxd5 d6 6.Nc3 g6 7.g3 Bg7 8.Bg2 O-O
9.O-O Na6 10.Nd2 Nc7 11.a4 a6 12.Nc4 Rb8 13.a5 Nb5 14.Nxb5 axb5 15.Nxd6 Bd7
16.Qb3 c4 17.Qa3 Qe7 18.Nxb5 Qxe2 19.Nc3 Qh5 20.Bf4 Rbd8 21.Bc7 Rc8 22.Qd6 Bh3
23.Qf4 Qh6 24.g4 Bxg2 25.Kxg2 Ne8 26.Qg3 Nxc7 27.g5 Qh5 28.Rae1 Bxc3 29.bxc3
Nxd5 30.Re4 Rfe8 31.Rfe1 Rxe4 32.Rxe4 f5 33.Rxc4 Rxc4 34.Qb8+ Kf7 35.Qxb7+ Nc7
36.Qb3 Qxg5+ {#R} 0-1

[Event "Ch Poland (for the Blind)"]
[Site "masterchessopen.com - Poznan (Poland)"]
[Date "2007.06.12"]
[Round "1"]
[White "Siluk Zygmunt (POL)"]
[Black "Dukaczewski Piotr (POL)"]
[Result "0-1"]
[WhiteElo "2032"]
[BlackElo "2298"]

1.d4 Nf6 2.c4 c5 3.d5 e6 4.Nc3 exd5 5.cxd5 g6 6.g3 Bg7 7.Bg2 O-O 8.Nf3 d6
9.Bg5 a6 10.a4 Re8 11.O-O Nbd7 12.Re1 Rb8 13.Qd3 Qc7 14.b3 Ng4 15.Bf4 Nde5
16.Bxe5 Nxe5 17.Nxe5 Bxe5 18.Rac1 Bd7 19.e4 b5 20.axb5 axb5 21.Ne2 Bg7 22.Nf4
Qc8 23.Bf1 Ra8 24.Qc2 Ra3 25.Re3 Bd4 26.Ree1 Qa6 27.Qd1 Qb6 28.Qc2 Rea8 29.Ne2
Ra2 30.Qd1 Bg7 31.Nc3 Rb2 {#R} 0-1

[Event "It (open)"]
[Site "masterchessopen.com - Voronezh (Russia)"]
[Date "2007.06.12"]
[Round "1"]
[White "Gleizerov Evgeny (RUS)"]
[Black "Rozum Ivan (RUS)"]
[Result "1-0"]
[WhiteElo "2552"]
[BlackElo "2411"]

1.d4 Nf6 2.c4 c5 3.d5 g6 4.Nc3 Bg7 5.Nf3 O-O 6.g3 e6 7.Bg2 exd5 8.cxd5 d6
9.O-O Na6 10.Nd2 Rb8 11.a4 Nc7 12.Nc4 Nh5 13.Bf3 Bh3 14.Re1 Qe7 15.e4 Ne8
16.Bxh5 gxh5 17.Qxh5 Bd7 18.Bg5 Bf6 19.Bxf6 Qxf6 20.e5 dxe5 21.Ne4 Qf5 22.Qxf5
Bxf5 23.Nxe5 Bxe4 24.Rxe4 Nd6 25.Rg4+ Kh8 26.Nd7 Rg8 27.Rh4 Rbc8 28.Nf6 Rg7
29.Re1 c4 30.Re5 {#r} 1-0

[Event "Cup Maia Chiburdanidze"]
[Site "masterchessopen.com - Tbilisi (Georgia)"]
[Date "2007.06.14"]
[Round "9"]
[White "Nigalidze Gaioz (GEO)"]
[Black "Pantsulaia Levan (GEO)"]
[Result "0-1"]
[WhiteElo "2440"]
[BlackElo "2617"]

1.d4 Nf6 2.c4 e6 3.Nf3 c5 4.d5 exd5 5.cxd5 d6 6.Nc3 g6 7.g3 Bg7 8.Bg2 O-O
9.Nd2 Nbd7 10.Nc4 Nb6 11.Ne3 Re8 12.O-O Ng4 13.Nxg4 Bxg4 14.h3 Bd7 15.e4 Nc4
16.a4 a6 17.Qc2 b5 18.Rb1 b4 19.Nd1 Nb6 20.b3 f5 21.Bb2 fxe4 22.Bxg7 Kxg7
23.Ne3 a5 24.Rfe1 Qf6 25.Rbd1 Re7 26.Bxe4 Bxh3 27.Nc4 Nxc4 28.Qxc4 Rae8 29.Rd3
Rxe4 {#R} 0-1

[Event "Cup Dvorkovich (juniors) (team)"]
[Site "masterchessopen.com - Moscow (Russia)"]
[Round "10"]
[White "Ju Wenjun (CHN)"]
[Black "Karhanyan Arusyak (ARM)"]
[Result "1-0"]
[WhiteElo "2354"]
[BlackElo "1712"]

1.d4 Nf6 2.Nf3 g6 3.c4 c5 4.d5 e6 5.Nc3 exd5 6.cxd5 d6 7.g3 Bg7 8.Bg2 O-O
9.O-O a6 10.a4 Nbd7 11.h3 Rb8 12.Qd3 Qc7 13.Bf4 c4 14.Qc2 b5 15.axb5 axb5
16.Nd4 Qc5 17.Nc6 Re8 18.e4 Qb6 19.Bxd6 Rb7 20.Ra5 Nf8 21.Rfa1 Bd7 22.Ra6 Bxc6
23.Rxb6 Rxb6 24.dxc6 b4 25.Na4 Ra6 26.Qxc4 Raa8 27.e5 Red8 28.c7 {#r} 1-0

[Event "Ch Slovenia (qual)"]
[Site "masterchessopen.com - Ljubljana (Slovenia)"]
[Date "2007.07.07"]
[Round "4"]
[White "Bucan Luka (SLO)"]
[Black "Bukovec Tina (SLO)"]
[Result "0-1"]
[WhiteElo "1821"]
[BlackElo "1925"]

1.d4 Nf6 2.Nf3 g6 3.c4 c5 4.d5 e6 5.Nc3 exd5 6.cxd5 d6 7.g3 Bg7 8.Bg2 O-O
9.O-O Re8 10.Re1 Na6 11.e4 Bg4 12.h3 Bxf3 13.Bxf3 Nd7 14.Be2 Nc7 15.Bd3 Rb8
16.a4 a6 17.a5 b5 18.axb6 Nxb6 19.Bxa6 Ra8 20.Bg5 f6 21.Bb5 Rxa1 22.Qxa1 Nxb5
23.Bd2 Nd4 24.Qd1 Nc4 25.Bc1 Qb6 26.Qa4 Nf3+ 27.Kf1 Ncd2+ 28.Bxd2 Nxd2+ 29.Ke2
Rb8 30.Kxd2 Qxb2+ 31.Kd3 Rb3 32.Qe8+ Bf8 33.Qe6+ Kg7 34.Qd7+ Kh6 35.Ke3 Rxc3+
36.Kf4 Qxf2+ 37.Kg4 Qxg3# 0-1

[Event "Ch Germany (w)"]
[Site "masterchessopen.com - Osterburg (Germany)"]
[Date "2007.07.09"]
[Round "4"]
[White "Kopylova Luba (GER)"]
[Black "Schulz Stefanie (GER)"]
[Result "1-0"]
[WhiteElo "2222"]
[BlackElo "2151"]

1.d4 Nf6 2.c4 c5 3.d5 e6 4.Nc3 exd5 5.cxd5 d6 6.g3 g6 7.Bg2 Bg7 8.Nf3 O-O
9.O-O Na6 10.Nd2 Nc7 11.Nc4 b5 12.Nxd6 b4 13.Nce4 Nfxd5 14.Bg5 f6 15.Nxf6+
Nxf6 16.Bxa8 Nxa8 17.Qb3+ Kh8 18.Nf7+ Rxf7 19.Qxf7 Qd5 20.Qxd5 Nxd5 21.Rad1
Nab6 22.e4 Nf6 23.Rd8+ Ng8 24.e5 Be6 25.Bf6 Bxa2 26.Ra1 b3 27.Rad1 c4 28.Rb8
{#r} 1-0

[Event "It (open)"]
[Site "masterchessopen.com - La Fere (France)"]
[Date "2007.07.13"]
[Round "9"]
[White "Goldsztejn Gildas (FRA)"]
[Black "Delmont Jean-Robert (FRA)"]
[Result "1-0"]
[WhiteElo "2368"]
[BlackElo "2007"]

1.d4 Nf6 2.c4 c5 3.d5 e6 4.Nc3 exd5 5.cxd5 d6 6.Nf3 g6 7.g3 Bg7 8.Bg2 O-O
9.O-O Na6 10.Nd2 Nc7 11.Nc4 b6 12.Nxd6 Ba6 13.Qa4 Bxe2 14.Nxe2 Qxd6 15.Bf4 Qd8
16.Bxc7 Qxc7 17.d6 Qxd6 18.Bxa8 Rxa8 19.Rad1 Qe5 20.Nc3 Qh5 21.Rfe1 Re8 22.Kg2
Ng4 23.h3 Ne5 24.Qf4 Nc6 25.Rd5 f5 26.Rd7 {#r} 1-0

[Event "It (open)"]
[Site "masterchessopen.com - Plunge (Lithuania)"]
[Date "2007.07.22"]
[Round "9"]
[White "Vaitonis Vytautas (LTU)"]
[Black "Rocius Marijonas (LTU)"]
[Result "0-1"]
[WhiteElo "2093"]
[BlackElo "2192"]

1.d4 Nf6 2.c4 e6 3.g3 c5 4.d5 exd5 5.cxd5 d6 6.Nc3 g6 7.Bg2 Bg7 8.Nf3 O-O
9.O-O a6 10.a4 Qc7 11.Nd2 Nbd7 12.Nc4 Nb6 13.Nxb6 Qxb6 14.a5 Qc7 15.h3 Bd7
16.Re1 Rfe8 17.e4 Bb5 18.Kh2 Nd7 19.f4 c4 20.e5 Nc5 21.Ne4 Nxe4 22.Rxe4 dxe5
23.f5 gxf5 24.Rh4 Qd6 25.Ra3 Rad8 26.Rh5 Bc6 27.Qc2 Bxd5 28.Qxf5 Qg6 29.Bxd5
Qxf5 30.Rxf5 Rxd5 {#R} 0-1

[Event "It (open)"]
[Site "masterchessopen.com - Predeal (Romania)"]
[Round "0"]
[White "Gleizerov Evgeny (RUS)"]
[Black "Stolte Alexander (GER)"]
[Result "1-0"]
[WhiteElo "2552"]
[BlackElo "2234"]

1.d4 Nf6 2.c4 e6 3.g3 c5 4.d5 exd5 5.cxd5 d6 6.Nc3 g6 7.Nf3 Bg7 8.Bg2 O-O
9.O-O Re8 10.Bf4 Na6 11.Re1 Bg4 12.h3 Bxf3 13.Bxf3 Qd7 14.e4 Rad8 15.Kg2 c4
16.b3 Nh5 17.Bd2 Nc5 18.bxc4 f5 19.Qc2 fxe4 20.Bxe4 Qf7 21.f4 Nxe4 22.Rxe4
Rxe4 23.Qxe4 Re8 24.Qd3 Bxc3 25.Bxc3 Qxf4 26.Re1 Rc8 27.Re4 Qf5 28.Qd4 Nf6
29.Rf4 Qc2+ 30.Kg1 Qc1+ 31.Rf1 Qg5 32.Kg2 {#r} 1-0

[Event "Memorial M.Sadoveanu (open)"]
[Site "masterchessopen.com - Romania"]
[Date "2007.08.02"]
[Round "7"]
[White "Gleizerov Evgeny (RUS)"]
[Black "Doncea Vladimir (ROM)"]
[Result "1-0"]
[WhiteElo "2559"]
[BlackElo "2456"]

1.d4 Nf6 2.c4 e6 3.g3 c5 4.d5 exd5 5.cxd5 d6 6.Nc3 g6 7.Nf3 Bg7 8.Bg2 O-O
9.O-O Re8 10.Bf4 Na6 11.Re1 Bg4 12.Nd2 Nh5 13.Be3 Rxe3 14.fxe3 Qe7 15.Kh1 Re8
16.e4 Bd4 17.Bf3 Qg5 18.e3 Nxg3+ 19.hxg3 Qh6+ 20.Kg1 Bxe3+ 21.Rxe3 Qxe3+
22.Kg2 Bxf3+ 23.Nxf3 Nb4 24.Qd2 Qd3 25.Rd1 Qc4 26.a3 Na2 27.Nxa2 Qxa2 28.Qc2
f6 29.Nd2 f5 30.Nb3 c4 31.Nc1 Qa1 32.Ne2 Qa2 33.Nc3 {#r} 1-0

[Event "It (open)"]
[Site "masterchessopen.com - Callao (Peru)"]
[Date "2007.08.08"]
[Round "1"]
[White "Lafuente Pablo (ARG)"]
[Black "Padilla Hugo (PER)"]
[Result "1-0"]
[WhiteElo "2489"]
[BlackElo "2192"]

1.d4 Nf6 2.c4 c5 3.d5 e6 4.Nc3 exd5 5.cxd5 d6 6.Nf3 g6 7.g3 Bg7 8.Bg2 O-O
9.O-O Na6 10.Nd2 Nc7 11.Nc4 Nfe8 12.a4 b6 13.Bf4 Ba6 14.Na3 g5 15.Bd2 f5
16.Rb1 h6 17.b4 Nf6 18.b5 Bc8 19.Nc4 Ng4 20.f4 Qe7 21.Qc1 Bd4+ 22.e3 Bg7 23.e4
Bd4+ 24.Kh1 fxe4 25.Nxe4 Ne8 26.Qa3 Bb7 27.Rbe1 Qd7 28.Qb3 gxf4 29.Bxf4 Rf5
30.Nexd6 Rxf4 31.Rxf4 Nf2+ 32.Rxf2 Bxf2 33.Re6 Bd4 34.Nxb7 Ng7 35.Re1 Rf8
36.Nbd6 {#r} 1-0

[Event "Ch Pan-American (juniors) (under 20)"]
[Site "masterchessopen.com - Riobamba (Ecuador)"]
[Date "2007.08.19"]
[Round "3"]
[White "Lemos Damian (ARG)"]
[Black "Guerrero Juan Carlos (COL)"]
[Result "1-0"]
[WhiteElo "2460"]
[BlackElo "2158"]

1.d4 Nf6 2.c4 c5 3.d5 e6 4.Nc3 exd5 5.cxd5 d6 6.g3 g6 7.Bg2 Bg7 8.Nf3 O-O
9.O-O Na6 10.Nd2 Nc7 11.Nc4 Nh5 12.a4 b6 13.Qb3 Ba6 14.Bd2 Rb8 15.Nb5 Bxb5
16.axb5 Ra8 17.e4 Qd7 18.e5 Bxe5 19.Nxe5 dxe5 20.d6 Nxb5 21.Bxa8 Rxa8 22.Be3
Re8 23.Rfe1 Re6 24.Rad1 Nxd6 25.Bg5 Re8 26.Qd5 Qf5 27.h4 Re6 28.Qa8+ Re8
29.Qc6 h6 30.Qxd6 {#r} 1-0

[Event "It (b)"]
[Site "masterchessopen.com - Haarlem (Netherlands)"]
[Date "2007.08.22"]
[Round "5"]
[White "Heemskerk Wim (NED)"]
[Black "Van Nies Pauline (NED)"]
[Result "1-0"]
[WhiteElo "2233"]
[BlackElo "2170"]

1.d4 Nf6 2.c4 c5 3.d5 e6 4.Nc3 exd5 5.cxd5 d6 6.g3 g6 7.Bg2 Bg7 8.Nf3 O-O
9.O-O a6 10.a4 Nbd7 11.Bf4 Qe7 12.h3 Rb8 13.e4 Nh5 14.Bg5 Bf6 15.Bh6 Bg7
16.Bxg7 Kxg7 17.Re1 f6 18.Qe2 b6 19.Nd2 Bb7 20.Kh2 Rbe8 21.f4 Kh8 22.Qf2 g5
23.Bf3 Ng7 24.Nc4 Bc8 25.Qd2 Rf7 26.Bg2 h5 27.e5 fxe5 28.fxg5 Nf5 29.Ne4 b5
30.axb5 axb5 31.Na5 Nb6 32.Nc6 Qf8 33.g6 Rg7 34.Qg5 Nxd5 35.Rad1 Nde7 36.Nxe7
Rgxe7 37.Rf1 Qg7 38.Nf6 {#r} 1-0

[Event "Ch Tatarstan (open)"]
[Site "masterchessopen.com - Kazan (Russia)"]
[Date "2007.08.22"]
[Round "3"]
[White "Sadykova Alsu (RUS)"]
[Black "Tukhvatullin Timur (RUS)"]
[Result "0-1"]
[WhiteElo "2143"]
[BlackElo "2236"]

1.d4 Nf6 2.c4 c5 3.d5 e6 4.Nc3 exd5 5.cxd5 d6 6.Nf3 g6 7.g3 Bg7 8.Bg2 O-O
9.O-O a6 10.a4 Re8 11.Bf4 Nh5 12.Bg5 Qc7 13.Rc1 Nd7 14.b4 cxb4 15.Nb5 Qxc1
16.Bxc1 axb5 17.axb5 Nc5 18.Nd4 Ra2 19.Bf3 Nf6 20.Be3 Ng4 21.Bxg4 Bxg4 22.Re1
Rea8 23.f3 Bd7 24.Bf2 Rb2 25.Qc1 Rba2 26.Qd1 h6 27.g4 Kh7 28.h4 R8a3 29.h5 b3
30.hxg6+ fxg6 31.e4 b2 32.Nc2 Ra8 33.e5 Bxe5 34.Bxc5 Ra1 35.Ba3 Rxd1 36.Rxd1
Bxb5 {#R} 0-1

[Event "Ch Vietnam (team)"]
[Site "masterchessopen.com - Dalat City (Vietnam)"]
[Date "2007.08.23"]
[Round "3"]
[White "Nguyen Hung Cuong (VIE)"]
[Black "Nguyen Van Hai (VIE)"]
[Result "0-1"]
[WhiteElo "1974"]
[BlackElo "2213"]

1.d4 Nf6 2.c4 c5 3.d5 e6 4.Nc3 exd5 5.cxd5 d6 6.Nf3 g6 7.g3 Bg7 8.Bg2 O-O
9.O-O Re8 10.Nd2 b6 11.a4 Nbd7 12.Nc4 Ne5 13.Nxe5 Rxe5 14.Bf4 Re8 15.h3 Nh5
16.Bd2 f5 17.Qc2 a6 18.Rfe1 Ra7 19.Na2 b5 20.axb5 axb5 21.Bc3 Bf8 22.b4 c4
23.Bd4 Rf7 24.Nc3 Bd7 25.e3 Bh6 26.Ra6 f4 27.g4 f3 28.Bf1 Qh4 29.Ne4 Bxg4
30.hxg4 Qxg4+ 31.Ng3 Nxg3 32.fxg3 Qxg3+ {#R} 0-1

[Event "It (open)"]
[Site "masterchessopen.com - Bratto (Italy)"]
[Date "2007.08.27"]
[Round "5"]
[White "Salvador Roland (PHI)"]
[Black "Vancini Edoardo (ITA)"]
[Result "1-0"]
[WhiteElo "2456"]
[BlackElo "2290"]

1.d4 Nf6 2.Nf3 c5 3.d5 e6 4.c4 exd5 5.cxd5 d6 6.Nc3 g6 7.g3 Bg7 8.Bg2 O-O
9.O-O Re8 10.Bf4 a6 11.a4 Ne4 12.Nxe4 Rxe4 13.Nd2 Rb4 14.Ne4 h6 15.Bd2 Rxb2
16.Qc1 Rxd2 17.Qxd2 Bxa1 18.Rxa1 Bf5 19.Qxh6 Bxe4 20.Bxe4 Qe8 21.Qf4 Nd7
22.Qxd6 Qxe4 23.Qxd7 Qxe2 24.d6 Rb8 25.Qc7 Qe8 26.d7 Qd8 27.Qd6 Qf8 28.Qc7 Rd8
29.Re1 b5 30.Qxd8 {#r} 1-0

[Event "Ch Poland (team) (extraliga)"]
[Site "masterchessopen.com - Ustron (Poland)"]
[Date "2007.09.05"]
[Round "5"]
[White "Czerwonski Aleksander (POL)"]
[Black "Szoen Dariusz (POL)"]
[Result "0-1"]
[WhiteElo "2379"]
[BlackElo "2481"]

1.d4 Nf6 2.c4 e6 3.Nf3 c5 4.d5 exd5 5.cxd5 d6 6.Nc3 g6 7.g3 Bg7 8.Bg2 O-O
9.O-O Na6 10.Nd2 Nc7 11.a4 b6 12.Nc4 Ba6 13.Qb3 Qd7 14.Rd1 Rfe8 15.Bd2 Bxc4
16.Qxc4 a6 17.b4 b5 18.axb5 axb5 19.Qb3 c4 20.Qc2 Rxa1 21.Rxa1 Nfxd5 22.Bxd5
Nxd5 23.Nxd5 Bxa1 24.Bc3 Bxc3 25.Qxc3 Re6 26.Nf6+ Rxf6 27.Qxf6 Qc6 28.Qc3 Qd5
29.e3 h5 30.h4 Qd1+ 31.Kg2 Qb3 32.Qd2 c3 33.Qxd6 c2 34.Qb8+ Kh7 35.Qc7 Qc4
{#R} 0-1

[Event "Ch Germany (seniors) (team)"]
[Site "masterchessopen.com - Halle (Germany)"]
[Date "2007.09.15"]
[Round "3"]
[White "Walter Guenter (GER)"]
[Black "Donchenko Anatoly G (GER)"]
[Result "0-1"]
[WhiteElo "2082"]
[BlackElo "2355"]

1.d4 Nf6 2.c4 e6 3.g3 c5 4.d5 exd5 5.cxd5 d6 6.Nc3 g6 7.Bg2 Bg7 8.Nf3 O-O
9.O-O a6 10.a4 Nbd7 11.Rb1 Re8 12.Re1 Rb8 13.b3 b5 14.axb5 axb5 15.b4 cxb4
16.Rxb4 Qa5 17.Qb3 Nc5 18.Qa3 Qxa3 19.Bxa3 Bd7 20.Reb1 Ra8 21.Bb2 Na6 22.Rd4
b4 23.Na2 Bf5 24.Re1 Ne4 25.Red1 b3 26.Nc1 Nac5 27.h3 Na4 28.Rxa4 Rxa4 29.Bxg7
Kxg7 30.Nxb3 Nc3 31.Re1 Rxe2 32.Rc1 Rc2 33.Re1 Raa2 34.Nbd4 Rxf2 35.Nxf5+ gxf5
36.Nh4 Kf6 37.Re8 Rfd2 {#R} 0-1

[Event "It"]
[Site "masterchessopen.com - Evpatoria (Ukraine)"]
[Date "2007.10.13"]
[Round "14"]
[White "Trajkovic Predrag (SRB)"]
[Black "Andreev Eduard (UKR)"]
[Result "0-1"]
[WhiteElo "2390"]
[BlackElo "2451"]

1.d4 Nf6 2.c4 e6 3.Nf3 c5 4.d5 exd5 5.cxd5 d6 6.Nc3 g6 7.g3 Bg7 8.Bg2 O-O
9.O-O Re8 10.Bf4 a6 11.a4 Nh5 12.Bg5 Qc7 13.Re1 Nd7 14.Qc2 Ne5 15.Nxe5 Rxe5
16.Bd2 Bg4 17.h3 Bd7 18.e4 f5 19.Rad1 Rae8 20.h4 Nf6 21.Bg5 fxe4 22.Nxe4 Nxe4
23.Rxe4 Rxe4 24.Bxe4 c4 25.h5 Re5 26.f4 Bxa4 27.Qxa4 Rxe4 28.hxg6 Qb6+ 29.Kh1
hxg6 30.Qc2 Qe3 31.Qg2 Bxb2 {#R} 0-1

[Event "Ch Europe (blitz)"]
[Site "masterchessopen.com - Ajaccio (France)"]
[Date "2007.10.25"]
[Round "5"]
[White "Bacrot Etienne (FRA)"]
[Black "Derieux Christian (FRA)"]
[Result "1-0"]
[WhiteElo "2695"]
[BlackElo "2165"]

1.d4 Nf6 2.c4 c5 3.d5 e6 4.Nc3 exd5 5.cxd5 d6 6.Nf3 g6 7.g3 Bg7 8.Bg2 O-O
9.O-O b6 10.Bf4 Ba6 11.a4 Qc7 12.Re1 Nbd7 13.h3 Ne8 14.Qc2 Qb7 15.e4 Ne5
16.Nxe5 dxe5 17.Be3 Nd6 18.b3 Qd7 19.g4 Bb7 20.a5 Kh8 21.Na4 Nb5 22.axb6 Nd4
23.Bxd4 cxd4 24.Qc7 Qxc7 25.bxc7 Rfc8 26.d6 Bf8 27.Nb6 Bxd6 28.Nxa8 Rxa8
29.Rec1 a6 30.Bf1 Bxe4 {#r} 1-0

[Event "Ch Europe (blitz)"]
[Site "masterchessopen.com - Ajaccio (France)"]
[Date "2007.10.25"]
[Round "11"]
[White "Mikhalevski Victor (ISR)"]
[Black "Derieux Christian (FRA)"]
[Result "1-0"]
[WhiteElo "2598"]
[BlackElo "2165"]

1.d4 Nf6 2.c4 c5 3.d5 e6 4.Nc3 exd5 5.cxd5 d6 6.Nf3 g6 7.g3 Bg7 8.Bg2 O-O
9.O-O b6 10.a4 Ba6 11.Nd2 Nbd7 12.h3 Qb8 13.Nb5 Bxb5 14.axb5 Ne8 15.Nc4 Ne5
16.Ne3 Nc7 17.f4 Nd7 18.Qb3 Bd4 19.Kh2 Re8 20.Nc4 a6 21.bxa6 Rxa6 22.Rxa6 Nxa6
23.Qb5 Qa7 24.e3 Bg7 25.Nxd6 Rd8 26.Qa4 Nf6 27.Nb5 Qb7 28.d6 Ne4 29.Bxe4 Qxe4
30.Qxe4 Nb8 31.Qd4 {#r} 1-0

[Event "It (open)"]
[Site "masterchessopen.com - Heviz (Hungary)"]
[Date "2007.10.28"]
[Round "6"]
[White "Liptay Laszlo (HUN)"]
[Black "Szalanczy Emil (HUN)"]
[Result "0-1"]
[WhiteElo "2351"]
[BlackElo "2384"]

1.d4 c5 2.d5 e6 3.c4 exd5 4.cxd5 d6 5.Nc3 g6 6.g3 Bg7 7.Bg2 Nf6 8.Nf3 O-O
9.O-O Re8 10.Bf4 Ne4 11.Nxe4 Rxe4 12.Nd2 Rxf4 13.gxf4 Bxb2 14.Rb1 Bg7 15.Nc4
Qf6 16.e3 Na6 17.Na5 b6 18.Qa4 Bf5 19.e4 Nb4 20.Nc4 Bg4 21.f5 Rf8 22.f3 Bh5
23.Qb3 b5 24.Nxd6 Qxd6 25.a3 Bd4+ 26.Kh1 Qf4 27.Bh3 Be5 28.Rf2 Qh4 29.Kg2 Na6
30.Qxb5 Rb8 31.Qf1 Qf4 32.Rxb8+ Nxb8 33.Qb5 Qxh2+ 34.Kf1 Qxh3+ 35.Ke2 Kg7
36.Qxc5 Qh4 37.d6 Qxe4+ {#R} 0-1

[Event "It (open)"]
[Site "masterchessopen.com - Liberec (Czech Republic)"]
[Date "2007.11.14"]
[Round "6"]
[White "Ksieski Zbigniew (POL)"]
[Black "Johansson Thomas (SWE)"]
[Result "1-0"]
[WhiteElo "2400"]
[BlackElo "2147"]

1.d4 Nf6 2.c4 e6 3.g3 c5 4.d5 exd5 5.cxd5 d6 6.Nc3 g6 7.Bg2 Bg7 8.Nf3 O-O
9.O-O Na6 10.Nd2 Nc7 11.a4 b6 12.Nc4 Ba6 13.Qb3 Bxc4 14.Qxc4 Nd7 15.e4 a6
16.Bf4 Ne5 17.Qe2 Qd7 18.b3 b5 19.Ra2 Rfb8 20.a5 b4 21.Na4 Nb5 22.Rc1 Qc7
23.Nb6 Rxb6 24.axb6 Qxb6 25.Bd2 Nd4 26.Qd1 c4 27.Be3 cxb3 28.Rd2 Nd7 29.Bxd4
Bxd4 30.Rxd4 Nc5 31.Rdc4 f6 32.Qd4 a5 33.Qxf6 a4 34.Rxc5 dxc5 35.Qxb6 b2
36.Qe6+ {#r} 1-0

[Event "Ch World (juniors) (under 10)"]
[Site "masterchessopen.com - Kemer (Turkey)"]
[Date "2007.11.18"]
[Round "1"]
[White "Lamard Guillaume (FRA)"]
[Black "Krishnan Varun (USA)"]
[Result "1-0"]
[WhiteElo "1945"]
[BlackElo "2106"]

1.d4 Nf6 2.c4 c5 3.d5 e6 4.Nc3 exd5 5.cxd5 d6 6.Nf3 g6 7.g3 Bg7 8.Bg2 O-O
9.O-O Na6 10.Bf4 Nc7 11.a4 a6 12.Nd2 Nh5 13.Nc4 Nxf4 14.gxf4 Rb8 15.a5 Re8
16.e3 Nb5 17.Qb3 Nxc3 18.bxc3 Bf5 19.Rfd1 Qf6 20.Rac1 h5 21.Qb6 Bf8 22.Re1 Bd3
23.Ne5 Bb5 24.c4 Be7 25.cxb5 dxe5 26.Qxf6 Bxf6 27.fxe5 Bxe5 28.bxa6 Bd6
29.axb7 Rxb7 30.a6 Ra7 31.Bf1 f5 32.Rb1 Kg7 33.Rb6 Rd8 34.Bc4 Kh6 35.Reb1 h4
36.h3 Kg5 37.Rc6 Kh6 38.Rbb6 Rad7 {#r} 1-0

[Event "Ch World (juniors) (under 18) (g)"]
[Site "masterchessopen.com - Kemer (Turkey)"]
[Date "2007.11.20"]
[Round "3"]
[White "Perrusset Barbara (FRA)"]
[Black "Kovan Nazli (TUR)"]
[Result "1-0"]
[WhiteElo "1864"]
[BlackElo "1617"]

1.d4 Nf6 2.c4 c5 3.d5 e6 4.Nc3 exd5 5.cxd5 d6 6.g3 g6 7.Bg2 Bg7 8.Nf3 O-O
9.O-O Bf5 10.Nd2 Qd7 11.a4 a6 12.Nc4 Qd8 13.h3 Ne8 14.Qb3 Bc8 15.Bf4 g5 16.Nb6
gxf4 17.Nxa8 fxg3 18.fxg3 Bd4+ 19.Kh2 Be5 20.Ne4 Qh4 21.Nb6 Bxh3 22.Bxh3 Qxe4
23.Qc4 Qg6 24.Qg4 Bxb2 25.Qxg6+ hxg6 26.Rab1 Bc3 27.Bc8 Ng7 28.Bxb7 Re8 29.Rf2
Bd4 30.Rg2 Nf5 31.Nc4 Kg7 32.Kh3 Ne3 33.Nxe3 f5 34.Nxf5+ gxf5 35.Rh2 Kf6
36.Rf1 Kg5 37.Rb1 c4 38.Rb4 {#r} 1-0

[Event "Cup World (active)"]
[Site "masterchessopen.com - Khanty Mansyisk (Russia)"]
[Date "2007.11.26"]
[Round "1"]
[White "Belov Vladimir (RUS)"]
[Black "Khalifman Alexander (RUS)"]
[Result "1-0"]
[WhiteElo "2587"]
[BlackElo "2643"]

{ Khalifman Alexander (RUS) +0 =1 -0 } 1.d4 Nf6 2.c4 e6 3.g3 c5 4.d5 exd5
5.cxd5 d6 6.Nc3 g6 7.Bg2 Bg7 8.Nf3 O-O 9.O-O Re8 ( 9...Na6 10.Nd2 Nc7 11.a4 b6
12.Rb1 Re8 13.Re1 Ba6 14.b3 Ng4 15.Bb2 Qe7 16.Nf1 Ne5 { 1/2-1/2, Janjgava
Lasha 2470 - Khalifman Alexander 2530 , Simferopol 1988 Ch URS (1 liga)
(cat.10) } ) 10.Bf4 Ne4 11.Nxe4 Rxe4 12.Nd2 { ?/= } 12...Rxf4 ( 12...Rb4 13.a3
Rxf4 14.gxf4 Bxb2 15.Rb1 ( 15.Ra2 Bg7 16.e4 Nd7 { +0.11 CAP } ) 15...Bxa3
16.Ne4 f5 17.Ng5 Bb4 18.Rb3 Nd7 19.Ne6 Qf6 20.Re3 Nb6 21.Nc7 Bd7 22.Nxa8 Nxa8
23.Re6 Qf8 24.h4 Nc7 25.Re3 a5 26.h5 Qf6 27.hxg6 hxg6 28.Rg3 Nb5 29.Bf3 Nc3
30.Qd3 Kg7 31.Kg2 Be8 32.Rh1 { ...0-1, Berkes Ferenc 2570 - Lie Kjetil A 2430
, Reykjavik 2002 It (open) } ) 13.gxf4 Bxb2 14.Rb1 Bg7 15.Re1 ( 15.Nc4 b6
16.Qa4 Ba6 17.e3 Bxc4 18.Qxc4 a6 19.a4 Nd7 20.Rb3 b5 21.axb5 Nb6 22.Qe2 c4
23.Rbb1 a5 24.e4 Qf6 25.Qe3 Qd4 26.Qa3 Qf6 27.Qg3 Bh6 28.e5 Qxf4 29.exd6 Qxg3
30.hxg3 c3 31.Be4 a4 32.Ra1 Bf8 33.Ra3 f5 34.Bc2 Rc8 { ...1-0, Gleizerov
Evgeny 2539 - Ornstein Axel 2426 , Stockholm 2003 Cup Rilton } ) ( 15.e4 Qh4
16.e5 Qxf4 17.e6 fxe6 18.dxe6 Nc6 19.Re1 Be5 20.Nf3 Bxe6 21.Nxe5 Nxe5 22.Rxb7
Rf8 23.Qe2 Bg4 24.Qe3 Qf6 25.Rxa7 Nd3 26.Rf1 Nf4 27.Qe7 Nh3+ 28.Kh1 Nxf2+
29.Kg1 Nh3+ 30.Kh1 Nf2+ 31.Kg1 Nh3+ 32.Kh1 { 1/2-1/2, Cooke Eric 2275 - Borocz
Istvan 2347 , Budapest 2000 It (b) } ) ( 15.Nf3 Nd7 16.e4 Nf6 17.e5 Nh5 18.Qa4
Bd7 19.Qe4 Bf5 20.Qc4 b6 21.e6 Bh6 22.Rbd1 Nxf4 23.Rfe1 Qf6 24.exf7+ Qxf7
25.h4 Rf8 26.Ng5 Bxg5 27.hxg5 Bd3 { 0-1, Dam Ruurd 2255 - Norwood David 2470 ,
Groningen 1988 It (open) } ) 15...Nd7 { +0.48 CAP } ( 15...Qh4 16.e3 Nd7
17.Nc4 Bf8 18.Qf3 b5 19.Na5 a6 20.Nc6 Nb6 21.e4 Bh6 22.Qg3 Qxf4 23.e5 Nc4
24.e6 f5 25.Ne7+ Kh8 26.Qc3+ Bg7 27.Qh3 Qg5 28.Nc6 Bb7 29.Rbd1 Re8 30.Qg3 Qf6
31.Rc1 f4 32.Qh3 Nb6 33.Rc2 Qg5 34.Rd1 Nc4 35.Kh1 { ...1-0, Shumiakina Tatiana
2305 - Florescu Codrut 2342 , Bucharest 1993 It (sheveningen) } ) 16.Nc4 { N }
( 16.Qa4 Bh6 17.e3 a6 18.Nc4 b5 19.Qa5 Qf8 20.Nd2 Nf6 21.Rxb5 Bh3 22.Rb3 Bxg2
23.Kxg2 Nxd5 24.Qa4 Re8 25.Ne4 Re6 26.Rd1 Nb4 27.Ng3 Qa8+ 28.Kg1 Bf8 29.a3 Nd5
30.Qd7 c4 31.Qb7 Qe8 32.Rxd5 cxb3 33.Qxb3 Qc6 34.Qd3 Re8 35.Ne4 Rb8 {
...1/2-1/2, De Fotis Gregory 2390 - Giles Morris 2360 , Illinois 1988
Tournament } ) 16...Nf6 17.e4 Nh5 18.e5 Nxf4 19.Qf3 Nxg2 20.e6 fxe6 { ?! } (
20...Bxe6 { !? } 21.dxe6 Nxe1 22.Qxf7+ Kh8 23.Rxe1 Qg5+ 24.Kf1 Qd5 25.Nxd6
Qh1+ 26.Ke2 Qxh2 27.e7 { } ) 21.dxe6 Bxe6 22.Rxe6 Nh4 23.Qd5 Qg5+ 24.Qxg5 Nf3+
25.Kg2 Nxg5 26.Rxd6 b6 27.Rd7 Bd4 28.Re1 Rf8 { ?! } ( 28...Nf7 { !? } 29.Ree7
Rf8 30.Rxa7 b5 31.Ne3 c4 32.Rab7 c3 33.Nc2 Bf6 34.Red7 { } ) 29.f4 Rxf4
30.Re8+ Rf8 31.Rxf8+ Kxf8 32.a4 Nf7 33.Rxa7 Ne5 34.Nxe5 Bxe5 35.Rb7 { } {#r}
1-0